[Event "EU-ch 11th"]
[Site "Rijeka"]
[Date "2010.03.06"]
[Round "1"]
[White "Jobava, Baadur"]
[Black "Neubauer, Martin"]
[Result "1-0"]
[WhiteElo "2695"]
[BlackElo "2465"]
[Annotator "Marin,M"]
[PlyCount "71"]
[EventDate "2010.03.06"]
[EventType "swiss"]
[EventRounds "11"]
[EventCountry "CRO"]
[SourceTitle "CBM 136"]
[Source "ChessBase"]
[SourceDate "2010.05.18"]
[SourceVersion "1"]
[SourceVersionDate "2010.05.18"]
[SourceQuality "1"]

1. d4 Nf6 2. c4 e6 3. Nc3 Bb4 4. a3 Bxc3+ 5. bxc3 c5 6. e3 O-O 7. Bd3 Nc6 8.
Ne2 b6 9. e4 Ne8 {One of the oldest tabyia of the Nimzo Indian. White has
spent a tempo on a2-a3, allowing his structure to be spoilt at the same time,
in order to consolidate the d4-square and get the bishop pair and a massive
centre. We can expect a race between Black's setting up the pressure against
the c4-pawn and White's kingside attack.} 10. O-O ({It is interesting to
compare the following classical example with our main game:} 10. Be3 d6 11. O-O
Na5 12. Ng3 Ba6 13. Qe2 Qd7 14. f4 f5 15. Rae1 g6 16. Rd1 Qf7 17. e5 Rc8 18.
Rfe1 dxe5 19. dxe5 Ng7 20. Nf1 Rfd8 21. Bf2 Nh5 22. Bg3 Qe8 23. Ne3 Qa4 $15 {
Botvinnik,M-Reshevsky,S/Den Haag/Moscow 1948/MainBase (0-1, 42). With the
d-file open, White has no chances to regroup for the kingside attack, while
maintaining stability on the queenside is likely to become quite a problem
soon.}) 10... Ba6 11. Ng3 $5 {A sharp continuation, weakening the defence of
the centre, but speeding up the kingside attack.} ({The main continuation is
supposed to be} 11. f4 f5 12. Ng3 g6 13. Be3 Nd6 {, when Black more or less
manages to keep an equilibrium between defence and counterattack, see for
instance Jussupow,A (2610)-Karpov,A (2755)/London 1989/Candidates/[Jussupow] 
(0-1, 61) After the text move, Black cannot transpose to the game above
anymore. Obviously, ...g6 makes little sense with the c1-h6 diagonal open,
while other moves tend to deviate from the desired setup.}) 11... Rc8 {A
neutral developing move. Alternatively, Black can initiate immediate
counterplay against d4 or c4, with the risk of opening the position too soon.}
(11... cxd4 12. cxd4 Nxd4 13. Bb2 Nc6 14. e5 $44 {One simple look at the
position is enough to understand that White has strong compensation for the
pawn. His bishops are very active and the e8-knight stands in the way of its
colleagues.} f5 (14... Qh4 15. Ne4 h6 16. Re1 $1 {The start of a slow, but
very dangerous attacking plan, based on Re3-g3.} Rd8 17. Re3 d5 {This attempt
at counterplay makes things even worse.} 18. exd6 f5 19. g3 Qg4 20. Qxg4 fxg4
21. Rd1 $16 {Golovlev,N (2336)-Melkumyan,H (2534)/Alushta 2008/CBM 124 Extra 
(1/2, 79)}) 15. exf6 Nxf6 16. Nh5 Qe7 17. Re1 e5 18. Ng3 Qc5 19. a4 Bb7 20. Qd2
Nd4 21. Rxe5 $5 Qxe5 22. Bxd4 Qe6 23. f3 Rae8 24. Nf5 {Berczes,D (2514)-Wells,
P (2516)/Hinckley Island 2008/CBM 127 Extra (1-0, 27). Despite the extra
exchange, Black is in a very dangerous situation.}) (11... Na5 12. f4 Bxc4 ({
It is interesting to follow the way Botvinnik reacted to this plan. We should
take into account that he was a Saemisch specialist himself...} 12... f5 13.
exf5 cxd4 14. cxd4 Bxc4 15. a4 exf5 16. Ba3 Rf7 17. Nxf5 d5 18. Re1 Bxd3 19.
Qxd3 Nc4 20. Ne7+ Kh8 21. Nc6 Qf6 22. Ne5 Rc7 23. Qf3 $14 {Averbakh,
Y-Botvinnik,M/Moscow 1955/EXT 2001 (1/2, 40). Although Black has more or less
stabilised the position, he clearly is struggling.}) 13. Bxc4 Nxc4 14. f5 cxd4
15. cxd4 f6 16. Rf4 Qe7 17. Rh4 $5 {From the two possible ways of creating
threats along the h-file, this is the least committal and should be preferred.}
(17. Qh5 {is slightly premature:} exf5 18. Nxf5 Qf7 19. Qh3 Ned6 20. Nxd6 Nxd6
21. e5 Nc4 22. exf6 gxf6 23. Rh4 Kh8 24. Bf4 Rae8 $132 {Berczes,D (2513)-Socko,
B (2631)/Gibraltar 2009/CBM 128 Extra (1/2, 110)}) 17... Rf7 18. Qh5 h6 19. Qg6
Kh8 20. e5 $40 {Berczes,D (2514)-Csonka,A (2275)/Szombathely 2009/ (1-0, 40)})
12. f4 f6 {Since the f5-square is not sufficiently well controlled, Black has
to content himself with this restrained defence.} 13. e5 $146 {Jobava must
have had his reasons for choosing this move order.} ({In view of the
improvement suggested for Black on the 15th move, I find that} 13. d5 Na5 14.
Qe2 {is more accurate.} Qe7 15. e5 f5 16. d6 Qd8 17. a4 g6 {Berczes,D (2453)
-Zhigalko,S (2568)/Plovdiv 2008/CBM 124 (0-1, 51). White is two tempi up
compared with the main game.}) 13... f5 14. d5 Na5 15. Qe2 g6 $6 {Too slow.} (
15... Nb3 $6 {does not bring the desired relief:} 16. Rb1 Nxc1 17. Rbxc1 {
White has got rid of his passive bishop and threatens d6 as in the main game.}
d6 $6 18. dxe6 g6 19. exd6 Qxd6 20. Rcd1 Qc6 21. Rfe1 $16 {Once the c1-bishop
has dissapeared and the pressure against the c4-pawn has been weakened, White
has no problems of coordination any more.}) ({I find} 15... d6 $1 {[%cal Gg7g6,
Ge8g7] essential for keeping Black in the game. The position is very
comlicated and both sides should refrain from releasing the tension for the
time being.} 16. dxe6 $6 g6 17. exd6 (17. Nxf5 gxf5 18. g4 {can be answered
with} Rc7 {[%cal Gc7g7] White's attack still needs a bigger head of steam.})
17... Qxd6 18. Re1 Ng7 {The e6-pawn is as good as lost and White risks being
left with just weaknesses.}) 16. d6 $1 {A strong move, cutting Black's
position into two parts that can communicate only along the back rank.
Although Black has no obvious weaknesses, his position is very passive.} Ng7
17. Ra2 Rb8 18. a4 Qc8 19. Rf3 Kf7 20. Nf1 Rh8 21. Rh3 Qc6 22. Ne3 Rbg8 23. Rh6
$16 {[%cal Ge2e1,Gh2h3,Gg2g4,Ge1h4]} Nh5 $2 24. Rxh5 $1 $18 {With the 3
important pieces isolated on the queenside, Black cannot put up any resistance
to this attack.} gxh5 (24... Nb3 25. Qe1 $1 {[%csl Ge7,Gf6][%cal Ge1h4]} gxh5 (
25... Nxc1 26. Qh4 $18) 26. Qh4 Rg6 27. Bxf5 $18) 25. Qxh5+ Rg6 (25... Kf8 26.
Qh6+ Ke8 27. Qf6 $18) 26. Nxf5 exf5 27. Bxf5 Qc8 (27... Kg7 28. Qh4 $18) 28.
Be4 $18 {[%cal Gf4f5,Ge4d5,Ga2f2]} Bb7 29. Bxb7 Qxb7 30. f5 Qe4 31. fxg6+ hxg6
32. Rf2+ Kg7 33. Qg5 Qh4 34. e6 dxe6 35. Qe5+ Kg8 36. Qxe6+ 1-0

[Event "FIDE-Wch k.o."]
[Site "Moscow"]
[Date "2001.11.30"]
[Round "2.2"]
[White "Milov, Vadim"]
[Black "Polgar, Judit"]
[Result "1-0"]
[WhiteElo "2602"]
[BlackElo "2686"]
[Annotator "Milov,V"]
[PlyCount "107"]
[EventDate "2001.11.27"]
[EventType "k.o."]
[EventRounds "7"]
[EventCountry "RUS"]
[SourceTitle "CBM 086"]
[Source "ChessBase"]
[SourceDate "2002.02.05"]
[SourceVersion "1"]
[SourceVersionDate "2002.02.05"]
[SourceQuality "1"]

1. d4 Nf6 2. c4 e6 3. Nc3 Bb4 4. e3 O-O 5. a3 Bxc3+ 6. bxc3 c5 7. Bd3 Nc6 8.
Ne2 b6 9. e4 Ne8 10. O-O Ba6 11. f4 f5 12. d5 Na5 13. e5 Bxc4 14. Bxc4 Nxc4 15.
d6 {><Ng7} b5 $5 (15... Qc8 {-81/438}) 16. a4 a6 17. Qd3 g6 18. axb5 (18. Be3
Nb2 19. Qc2 Nxa4 20. c4 Qc8 (20... Ng7 21. Rfb1 Rb8 22. cxb5 axb5 23. Bxc5 Qa5
24. Bd4 $13) 21. Rfc1 Qc6 $17) 18... axb5 19. Be3 Rxa1 20. Rxa1 Qb6 21. Nc1 Ng7
22. Nb3 Rc8 (22... Nxe3 23. Qxe3 Rc8 24. h3 $1 {/\Kh2, Rc1, c3-c4+/-} (24. Rc1
{(><c5; /\25.c4 b426.Ra1 /\ 27.Ra5)} Qa6 25. c4 b4 26. Qd3 Ra8 27. Nxc5 Qb6 28.
Qd4 Ra2 29. Nb3 Qb7 30. Nd2 b3 31. Rb1 b2 32. Qc3 $14)) 23. Bf2 (23. Bxc5 Rxc5
24. Nxc5 Qxc5+ 25. Qd4 Qc8 $8 (25... Qc6 26. Qa7 (26. Ra7 Ne8) 26... Ne8 27.
Qb8 Kf8 28. Ra8 $18) 26. Qa7 Ne8 27. Qa8 (27. Kh1 Kf7) 27... Qc5+ 28. Kh1 Kf8
29. Qd8 Ncxd6 30. exd6 Qxd6 $11) (23. Qe2 Nh5) 23... Nb2 (23... Nh5 24. Qf3 $36
) 24. Qc2 Na4 25. c4 Qb8 (25... Rb8 26. Nc1 $1 (26. Nd2 Ra8) (26. cxb5 Qxb5 27.
Nxc5 Nxc5 28. Qxc5 Qxc5 29. Bxc5 Kf8 $11) 26... Ra8 27. Nd3 Ra5 28. Qa2 $1 bxc4
29. Nxc5 $18) (25... bxc4 26. Qxc4 Rb8 27. Qxa4 Qxb3 28. Qxd7 $18) 26. Nd2 (26.
cxb5 Qxb5 (26... c4 27. Nd4 $16) 27. Nd4 Qb7 28. Qxa4 cxd4 29. Qxd4 $14) 26...
Nb6 27. cxb5 $2 (27. Rb1 $1 Nh5 28. g3 b4 29. Nb3 Qa8 (29... Na4 30. Ra1 Nc3
31. Nxc5 $16) 30. Bxc5 $16) 27... c4 $132 28. Nf3 Nh5 (28... Nd5 $5 29. b6 (29.
Rb1 Qb7 (29... Nxf4 30. Rb4)) 29... c3 $13) 29. g3 Qb7 $2 (29... Nd5 30. Ra7 (
30. Nd4 Qb7 $13) 30... Nb4 (30... Qxb5 31. Nd4) 31. Qc3 Nd5 $13) 30. Ra3 Kg7 $6
(30... Nd5 31. Ra7 $1 (31. Nd4 c3) 31... Qb8 (31... Qxb5 32. Nd4) 32. Rxd7 Qxb5
33. Ra7 $16) 31. Nd4 $16 Kf7 (31... Nd5 $4 32. Ra7) 32. Qa2 Qe4 33. Ra7 (33.
Nf3 h6 $1 (33... Qb7 34. Ng5+ Ke8 35. Ra7 $18) 34. Bxb6 c3 $13) (33. Nxe6 $5
Kxe6 34. Bxb6 $16) 33... g5 34. Qe2 Qb1+ 35. Qf1 Qe4 36. Qe2 Qb1+ 37. Kg2 Kg6
38. fxg5 (38. Qc2 Qb4 39. Nc6 dxc6 40. Bxb6 Qxb5 41. d7 Rf8 $13) (38. Nxe6 dxe6
39. Bxb6 Qxb5 40. d7 Rf8 41. d8=Q Rxd8 42. Bxd8 Qd5+ 43. Kf2 Qxd8 44. fxg5 $16)
38... c3 39. Qc2 Qb4 (39... Qb2 40. Rc7) 40. Rb7 $2 (40. Rc7 Rxc7 41. dxc7 Qc4
(41... Nc8 42. Qb3) 42. Nxf5 $1 exf5 43. Bxb6 $18) 40... Rc4 $1 $132 41. Nxe6 (
41. Rxb6 $2 Rxd4 42. Bxd4 Qxd4 43. Ra6 Qd5+ 44. Kg1 Qc5+ $11) (41. Qd3 Nd5 $13)
41... dxe6 42. Rxb6 Qb2 43. Qd3 Rf4 $2 (43... Nf4+ 44. gxf4 Rxf4 45. Qg3 Rg4 (
45... c2 46. d7 c1=Q 47. d8=Q) 46. d7 $18) (43... Rg4 $1 44. Kf3 Nf4 $1 (44...
Qc1 45. d7 Qh1+ 46. Ke2 Re4+ 47. Be3 Qg2+ 48. Kd1 $18) 45. gxf4 Rxf4+ 46. Kxf4
Qxf2+ 47. Qf3 Qxb6 48. Qe3 Qxb5 49. Qxc3 Qa4+ 50. Kf3 $16) 44. Qe3 c2 45. d7
c1=Q 46. d8=Q Rxf2+ 47. Qxf2 Qxe5 (47... Qxf2+ 48. Kxf2 Qc2+ 49. Ke1 Qe4+ 50.
Kd2 Qb4+ 51. Kd3 Qb1+ (51... Qb3+ 52. Ke2) (51... Qe4+ 52. Kc3) 52. Kc4 Qc2+
53. Kb4 Qb2+ 54. Kc5 $18) 48. Qe8+ Kxg5 49. Qxe6 (49. h4+) 49... Qxe6 50. Rxe6
f4 51. Re5+ Kg6 52. Rc5 f3+ 53. Kxf3 Qh1+ 54. Ke3 1-0

[Event "Pardubice"]
[Site "Pardubice"]
[Date "1994.??.??"]
[Round "4"]
[White "Polgar, Zsuzsa"]
[Black "Sokolov, Ivan"]
[Result "1-0"]
[WhiteElo "2550"]
[BlackElo "2625"]
[Annotator "Polgar,Zsu"]
[PlyCount "103"]
[EventDate "1994.07.??"]
[EventType "tourn"]
[EventRounds "9"]
[EventCountry "CZE"]
[EventCategory "15"]
[SourceTitle "CBM 042"]
[Source "ChessBase"]
[SourceDate "1994.10.01"]
[SourceVersion "1"]
[SourceVersionDate "1994.10.01"]
[SourceQuality "1"]

1. d4 {Donev Hecht} Nf6 2. c4 e6 3. Nc3 Bb4 4. a3 Bxc3+ 5. bxc3 c5 6. e3 Nc6 7.
Bd3 O-O 8. Ne2 b6 9. e4 Ne8 10. O-O Ba6 11. f4 f5 12. Ng3 g6 13. Be3 Nd6 $5 (
13... d6 $6 14. d5 Ne7 15. exf5 $14 {Yusupov,A-Salov,V/Linares/1993/}) (13...
cxd4 14. cxd4 d5 $10 {Yusupov,A-Karpov,An/Linares/1993/}) 14. exf5 (14. dxc5
Nxc4) 14... gxf5 $6 (14... exf5 15. dxc5 $14) (14... Nxc4 {Yusupov,A-Karpov,An/
London cm/1989/}) 15. Qe2 $1 $14 (15. dxc5 Nxc4 $15) 15... Na5 (15... cxd4 16.
cxd4 Na5 17. c5 Bxd3 18. Qxd3 Ndc4 19. d5 $16) 16. dxc5 Ndxc4 17. Bd4 {/\ c6} (
17. c6 {Donev}) 17... bxc5 18. Bxc5 Rf6 (18... Rf7 19. Bd4 $14 (19. Bxf5 $2 Nb3
$1 (19... exf5 {Donev} 20. Nxf5 Rxf5 21. Qg4+))) 19. Rab1 (19. Bd4 Rg6 20. Rab1
(20. Bxf5 exf5 21. Nxf5 Nc6 $1 $17 (21... Qe8 $2 22. Ne7+ Kf7 23. Qh5 Kxe7 24.
Rae1+ Re6 25. Qg5+ $18 (25. Qg5+ {Donev} Kd6 (25... Kf7 26. Qg7#) 26. Qc5#))) (
20. Nxf5 exf5 21. Bxf5 Nd6 $16)) 19... Rg6 20. Bd4 Rc8 (20... Qc7 $6 21. Nxf5
$1 exf5 22. Bxf5 $16 Nd6 $140 23. Qe5 $18) 21. Bxa7 Qc7 22. Bd4 Bb7 (22... Nc6
23. Nxf5 $18) 23. Rf2 Nxa3 24. Re1 $1 (24. Ra1 $2 Nb3 25. Rxa3 Nxd4 26. cxd4 $2
Qc1+ $19) (24. Bb6 Qb8 (24... Qc6 25. Bxa5 Nxb1 26. Bxb1 Ra8 27. Bb4 Ra1 28.
Qb2 Qa4 29. Rf1 $16) 25. Bxa5 Nxb1 26. Bxb1 Bxg2 27. Kxg2 Qxb1 $14) 24... Rf8 (
24... N3c4 25. Bxf5 $1 (25. Nxf5 exf5 26. Bxf5 $16) 25... exf5 26. Nxf5 $18)
25. Qh5 $1 $16 Qc6 {/\ Ba6} (25... Ba6 {Donev}) 26. Be4 $1 Qb5 (26... fxe4 27.
Qe5 $1 Rff6 28. Nxe4 $18 (28. Qxa5 Nc4)) (26... d5 27. Bxf5 $18) 27. Bxf5 $1
Rxf5 (27... exf5 28. Re7 $18) 28. Nxf5 Qxf5 29. Qxf5 exf5 30. Re8+ $1 Kf7 31.
Re5 Nc6 $6 $138 (31... N3c4 $142) (31... N3c4 {Donev}) 32. Rxf5+ Ke6 33. Rc5 $1
{xNa3} Rg8 34. Re2+ Kd6 35. Ra2 $18 Ra8 36. Rh5 Nxd4 37. cxd4 Bd5 $6 (37... Be4
$5 38. Rh6+ $1 $18 (38. Rh3 Nb5 39. Rxa8 Bxa8 40. Rxh7 Nxd4)) 38. Rh6+ Kc7 39.
Ra1 Be4 (39... Nb5 $5) (39... Nb5 $5 {Donev}) 40. g4 d6 41. f5 Kc6 42. Rxh7 (
42. f6 Kd7 43. g5 $18) 42... Kd5 43. Rh3 Rg8 44. Raxa3 Rxg4+ 45. Rhg3 (45. Kf2
$5 Kxd4 46. f6 Rg2+ (46... Rf4+ 47. Rhf3 $18) 47. Kf1 Rg6 48. Ra4+ Ke5 49. Rh5+
Bf5 50. Ra5+ d5 51. Rxd5+ Kxd5 52. Rxf5+ $18) 45... Rf4 46. Rg6 $1 Kxd4 (46...
Bxf5 {Hecht} 47. Rf6 Rg4+ 48. Rg3 Rf4 49. Rg5 $18) 47. Rxd6+ Ke5 48. Rd1 Bxf5
49. Rf1 Rxf1+ (49... Rg4+ 50. Rg3 $18) 50. Kxf1 Kf6 51. Rg3 $1 Bg6 52. h4 (52.
h4 Kf5 53. Kf2 Kf6 54. Kf3 Kf5 55. Rg5+ Kf6 56. Kf4 Bd3 57. h5 Bc2 58. h6 Bg6
59. Rg1 Bc2 60. Rg7 Bd3 61. Ra7 $18) 1-0

[Event "RUS-Cup Final"]
[Site "Sochi"]
[Date "1997.09.20"]
[Round "4"]
[White "Aleksandrov, Aleksej"]
[Black "Voitsekhovsky, Stanislav"]
[Result "0-1"]
[WhiteElo "2660"]
[BlackElo "2480"]
[Annotator "Tisdall,J"]
[PlyCount "110"]
[EventDate "1997.09.17"]
[EventType "tourn"]
[EventRounds "11"]
[EventCountry "RUS"]
[EventCategory "13"]
[SourceTitle "CBM 062"]
[Source "ChessBase"]
[SourceDate "1998.01.31"]
[SourceVersion "1"]
[SourceVersionDate "1998.01.31"]
[SourceQuality "1"]

1. d4 Nf6 2. c4 e6 3. Nc3 Bb4 4. e3 O-O 5. Bd3 c5 6. a3 Bxc3+ 7. bxc3 d6 8. Ne2
Nc6 9. O-O e5 10. e4 h6 11. d5 Ne7 (11... Na5 12. Ng3 Re8 13. h3 Nh7 14. f4 b6
15. Ra2 Rb8 16. Raf2 Rb7 17. Qh5 Ree7 18. fxe5 dxe5 19. Be2 f6 20. Bg4 Nxc4 21.
Bxc8 Qxc8 22. Nf5 Re8 23. Bxh6 gxh6 24. Nxh6+ Kg7 25. Rxf6 Nxf6 26. Nf5+ {
Aleksandrov,A-Orlov,V/Petrov mem 1996/CBM 52/0-1 (52)}) 12. Qc2 (12. f3 Nh7 (
12... Ne8 13. Ng3 f5 14. exf5 Nxf5 15. Ne4 g5 16. Ra2 Bd7 17. Raf2 Qe7 18. g3
Nf6 19. Qe2 Nxe4 20. fxe4 Ng7 21. Kg2 Rxf2+ 22. Qxf2 Rf8 23. Qxf8+ Qxf8 24.
Rxf8+ Kxf8 25. h4 gxh4 26. gxh4 h5 27. Be2 {Jussupow,A-Salov,V/Moscow Alekhine
1992/CBM 33/1/2-1/2 (39)}) (12... Ng6 13. Be3 Nh7 14. Qc2 Bd7 15. g3 Qc8 16. g4
h5 17. gxh5 Nh4 18. Ng3 Qd8 19. Nf5 Ng5 20. Kh1 Nhxf3 21. Qg2 Bxf5 22. exf5 e4
23. Bxe4 Nxe4 24. Rxf3 Kh7 25. f6 Nxf6 26. h6 gxh6 27. Raf1 {1-0 Agrest,
E-Lugovoi,A/St.Petersburg op 1992/EXT 92op}) 13. Qc2 f5 14. f4 fxe4 15. Bxe4
Nf6 16. fxe5 dxe5 17. Bd3 Qd6 18. Ng3 Bd7 19. a4 Rf7 20. Bg6 Nxg6 21. Qxg6 Raf8
22. Be3 b6 23. a5 Ne8 24. Qd3 Rxf1+ 25. Nxf1 Bf5 26. Qd2 Qg6 {Aleksandrov,
A-Serper,G/URS-chT 1990/TD 90\02/0-1 (48)}) (12. f4 exf4 13. Nxf4 Ng4 14. Ne6
fxe6 15. Qxg4 Rxf1+ 16. Bxf1 Kh7 17. Ra2 Ng6 18. Rf2 exd5 19. Qe2 dxc4 20. h4
Nxh4 21. e5 Ng6 22. exd6 Qxd6 23. Qf3 Ne5 24. Qg3 Bg4 25. Bxc4 Rd8 26. Bf1 {
0-1 Rastenis,G-Zaichik,G/URS-chYM 1978/MCL 05}) 12... Ng6 13. f3 Nh5 14. g3 Qd7
15. Rf2 Qh3 16. Bd2 f5 17. Raf1 f4 18. Rg2 Bd7 19. Qc1 Rf7 20. Be1 Raf8 21. g4
Nf6 22. Kh1 Nh4 23. Rgf2 Nxf3 24. Rxf3 Qxg4 25. Nxf4 exf4 26. Rxf4 Qh5 27. Bg3
{[#]} Bh3 $1 28. Re1 (28. Rh4 Bxf1 29. Rxh5 Nxh5 $17) (28. R1f2 g5 29. R4f3 (
29. Be2 Qg6 30. R4f3 Nxe4 $19) 29... Ng4 $19) 28... Nxd5 $1 {[%csl Rf3]} 29.
Rxf7 (29. exd5 Rxf4 30. Bxf4 Qf3+) 29... Rxf7 30. Qd1 Qxd1 31. Rxd1 Nf4 32. Bf1
Bxf1 33. Rxf1 Ne2 34. Rd1 (34. Rxf7 Nxg3+) 34... Nxc3 35. Rxd6 Nxe4 36. Rd8+
Kh7 37. Bb8 b6 $19 38. Be5 Re7 39. Bb2 Rf7 40. Kg1 g5 41. a4 Kg6 42. Be5 h5 43.
h3 Rf3 44. Rg8+ Kf7 45. Rg7+ Ke6 46. Bb8 Rxh3 47. Bxa7 Ra3 48. Bxb6 Rxa4 49.
Bxc5 Rxc4 50. Be3 Kf5 51. Rb7 Kg4 52. Rb3 h4 53. Rd3 Rc2 54. Ba7 Ng3 55. Bf2
Rc1+ 0-1

[Event "New York op"]
[Site "New York"]
[Date "1998.03.20"]
[Round "7"]
[White "Aleksandrov, Aleksej"]
[Black "Campora, Daniel Hugo"]
[Result "1-0"]
[WhiteElo "2615"]
[BlackElo "2520"]
[Annotator "Tisdall,J"]
[PlyCount "41"]
[EventDate "1998.03.16"]
[EventType "swiss"]
[EventRounds "9"]
[EventCountry "USA"]
[SourceTitle "CBM 064"]
[Source "ChessBase"]
[SourceDate "1998.06.02"]
[SourceVersion "1"]
[SourceVersionDate "1998.06.02"]
[SourceQuality "1"]

1. d4 Nf6 2. c4 e6 3. Nc3 Bb4 4. e3 O-O 5. Bd3 c5 6. a3 Bxc3+ 7. bxc3 Nc6 8.
Ne2 b6 9. e4 Ne8 10. O-O Ba6 11. f4 f5 12. Ng3 g6 13. Be3 {The critical
position for this variation, and one from which Karpov has contributed several
intriguing defensive ideas.} d6 (13... Nd6 $5 {is the principled move, using
the d6 square to destroy white's pawn center, but it is very risky;} 14. exf5
Nxc4 $1 15. Bxc4 Bxc4 16. fxg6 {16.Re1 gf 17.dc=} Bxf1 17. Qh5 $1 (17. gxh7+
Kh8 18. Qxf1 cxd4 19. cxd4 Qf6 20. Rd1 d5 $17) 17... Qe7 18. Rxf1 hxg6 {
18...cd!? 19.cd hg} 19. Qxg6+ Qg7 20. Qd3 {20.Qg7!? Kg7 21.dc bc 22.Bc5 Rf7~/=}
(20. Qe4 cxd4 21. cxd4 Rae8 $15 {21...Qh7 22.f5|^}) 20... cxd4 21. cxd4 Qh7 $15
{Jussupow,A-Karpov,A/London csf1 1989/CAND/[Jussupow]/0-1 (61)}) (13... cxd4 $5
{was Karpov's latest idea, and still seems to be reliable.} 14. cxd4 d5 15.
cxd5 Bxd3 16. Qxd3 fxe4 17. Qxe4 (17. Nxe4 $5 Qxd5 18. Nc3 Qf5 19. Qxf5 Rxf5 {
Dearing,E-Roser,K/Glorney Cup 1996/EXT 96op2/0-1 (53) is probably a better try
for white, but hardly terrifying for black.}) 17... Qxd5 18. Qxd5 exd5 19. Rac1
Rc8 20. f5 Nd6 21. fxg6 hxg6 22. Rxf8+ Kxf8 23. h4 Nc4 {0-1 Jussupow,A-Karpov,
A/Linares 1993/CBM 34 (40)}) 14. d5 Na5 $2 {A dubious novelty - black's
kingside needs support.} (14... Ne7 15. exf5 (15. dxe6 Ng7 16. exf5 gxf5 17.
Re1 Qe8 18. Bf2 Rf6 19. Ra2 Rd8 20. Rd2 Bb7 21. Bf1 d5 22. cxd5 Rxd5 23. Re5
Rxd2 24. Qxd2 Bc8 25. Qd6 Ng6 26. Re1 Bxe6 27. Bd3 Qd7 28. Qxd7 Bxd7 29. Bc4+
Kf8 30. Be3 Rd6 31. Kf2 Bc6 32. Nf1 Nh5 33. Ng3 Nhxf4 34. Nxf5 Rf6 35. g4 Bd7
36. Kg3 Bxf5 37. Bxf4 Nxf4 38. Kxf4 Be6+ 39. Ke5 Ke7 {Aleksandrov,A-Tunik,G/
Smolensk op 1991/EXT 91op/0-1 (59)}) 15... gxf5 16. Nh5 Nf6 17. dxe6 Bb7 18.
Bf2 Nxh5 19. Qxh5 Qe8 20. Qg5+ Qg6 21. Bh4 Rae8 22. g4 Bc8 23. Rae1 h6 24.
Qxg6+ Nxg6 25. Bg3 Rxe6 26. Rxe6 Bxe6 27. Re1 Bd7 28. Bc2 Kf7 29. gxf5 Ne7 30.
f6 Nf5 31. Bxf5 Bxf5 32. Bh4 Re8 33. Re7+ Rxe7 34. fxe7 Be6 35. Kf2 Bxc4 36.
Ke3 b5 37. f5 Bd5 38. f6 Bc6 39. Bg3 Ke6 40. f7 Kxe7 41. Bxd6+ {1/2-1/2
Jussupow,A-Salov,V/Linares 1993/CBM 34}) 15. dxe6 Ng7 $2 (15... Nxc4 {looks
like a better try, though white has at least one way to maintain the advantage;
} 16. Re1 $5 Qf6 (16... Nb2 17. Qb3 c4 18. Qxb2 cxd3 19. exf5 $16) 17. Qf3 $16)
16. exf5 gxf5 17. Nxf5 $1 $18 Nxf5 (17... Rxf5 18. Bxf5 Nxf5 19. Qg4+ Ng7 20.
f5 $18) 18. Bxf5 Qe7 (18... Nxc4 $142) 19. Be4 Bxc4 20. Rf3 Bxe6 21. Rg3+ (21.
Rg3+ Kh8 22. Bxa8 Rxa8 23. Bd4+) 1-0